Working together for Literacy
Gespeichert in:
| Hauptverfasser: | , |
|---|---|
| Format: | Buch |
| Sprache: | Englisch |
| Veröffentlicht: |
Hong Kong
Christian Books Melansia Inc.
1987
|
| Schlagworte: | |
| Tags: |
Tag hinzufügen
Keine Tags, Fügen Sie den ersten Tag hinzu!
|
MARC
| LEADER | 00000cam a2200000 a 4500 | ||
|---|---|---|---|
| 001 | UCF5967 | ||
| 003 | CL-VaPUC | ||
| 008 | 130404e19870000CH |||||||||||||||||eng|d | ||
| 020 | |a 998062650X | ||
| 082 | 0 | 4 | |a 374.012 |b STR |2 21 |
| 100 | 0 | |a Stringer, Mary D |e author |9 568000 | |
| 700 | 0 | |a Faraclas, Nicholas G |e author |9 568001 | |
| 245 | 1 | 0 | |a Working together for Literacy |
| 300 | |a 215 p | ||
| 942 | |c BK | ||
| 945 | |d 20130404 00:00:00 |a dcastane | ||
| 260 | |a Hong Kong |b Christian Books Melansia Inc. |c 1987 | ||
| 650 | 0 | |a Literatura |9 259151 | |
| 650 | 0 | |a Educación de adultos |9 307580 | |
| 650 | 0 | |a Métodos de enseñanza |9 270413 | |
| 583 | |a last modification |c 20130404 09:53:00 |k Rodrigo Vera | ||
| 999 | |c 351360 |d 351358 | ||
| 952 | |0 0 |1 0 |4 0 |6 374_012000000000000_STR_1987 |7 0 |8 A |9 455409 |a BIBEDU |b BIBEDU |d 2019-11-22 |i 480998K |o 374.012 STR 1987 |p 480998K |r 2019-11-22 |w 2019-11-22 |y BK |k LIT | ||